000
00207 a2200097 4500
001
935
100
_a
Terman,F.E
245
_a
Electronic & radio engineering
260
_a
_b
Mcgrawhill
_c
090
_c
525
_d
525
942
_a
NUST-CAE
_c
M
_c
31656
999
_c
236008
_d
236008